000 01131nam a2200289 i 4500
003 DO-SdBNP
005 20260130131954.0
007 ta
008 260130b1997 dr a|||| |||| 00| 0 spa d
040 _aDO-SdBNP
_bspa
_cBNPHU
_erda
041 _aspa
082 4 _axxx
_bC957m
_222
100 1 _aMiller, Jeannette,
_d1944-
_eautor
_4aut.
_983484
245 1 0 _aGaspar Mario Cruz :
_bpoeta de las formas = Poet of forms /
_cJeannette Miller
246 _aGaspar Mario Cruz :
_bpoeta de las formas = Poet of forms
264 _aSanto Domingo, República Dominicana :
_bÚltimo Arte,
_c1997.
300 _a146, [2] páginas :
_bilustraciones ;
_c31 cm.
336 _atexto
_btxt
_2rdacontent
337 _asin mediación
_bn
_2rdamedia
338 _avolumen
_bnc
_2rdacarrier
504 _aBibliografía: páginas [148]
505 _aPresentación, 11 -- Prólogo, 17-- La época, 27 -- El hombre, 39 -- La obra, 77 -- Crítica, 105 -- Testimonios, 127 -- Cronología, 135 -- Bibliografía.
590 _aInventariado, 2026 /LP
700 1 _aUgarte, María
_d1914-2011
_4pr.
_924078
_eprologuista
910 _aLP
942 _2ddc
_cLBS1
999 _c60170
_d60170